| 000 | 00625 a2200229 4500 | ||
|---|---|---|---|
| 001 | 160353 | ||
| 003 | TR-AnTOB | ||
| 005 | 20240719140317.0 | ||
| 008 | 161110s2005 tr 000 0 | ||
| 040 |
_aTR-AnTOB _cTR-AnTOB |
||
| 041 | _atur | ||
| 050 | _aDS51.C32 | ||
| 090 | _a* | ||
| 245 | 0 |
_aUzak çağların yakın kenti : _bÇankırı'da üniversite arayışı. |
|
| 246 | _aÇankırı Üniveristesi: Kuruluş gerekçe raporu. | ||
| 264 | 1 |
_aÇankırı: _bÇankırı Ticaret Borsası, _c2005. |
|
| 300 |
_aiv, 82 s.: _bres.,; _c30 cm. |
||
| 902 | _aT000484 | ||
| 903 | _aTOBB Özel Koleksiyonu. | ||
| 942 |
_cBK _2lcc |
||
| 999 |
_c160353 _d26822 |
||